[Event "Feffernitz op 32nd"]
[Site "Feffernitz"]
[Date "2023.08.06"]
[Round "2"]
[White "Gloessl, Sota Alexander"]
[Black "Rios, Cristhian Camilo"]
[Result "0-1"]
[WhiteElo "2037"]
[BlackElo "2450"]
[PlyCount "100"]
[EventDate "2023.08.05"]
[EventType "swiss"]
[EventRounds "9"]
[EventCountry "AUT"]
[SourceTitle "CBM 215 Extra"]
[Source "ChessBase"]
[SourceDate "2023.09.30"]
[SourceVersion "1"]
[SourceVersionDate "2023.09.30"]
[SourceQuality "1"]

1. e4 c5 2. Be2 Nc6 3. Bb5 Qb6 4. Bxc6 Qxc6 5. d3 g6 6. Nf3 Bg7 7. a4 e5 8. Nc3 Ne7 9. Qe2 d6 10. 0-0 h6 11. Nd2 0-0 12. Nc4 Be6 13. Bd2 Rae8 14. Nb5 Nc8 15. Na5 Qd7 16. c4 f5 17. Nc3 Ne7 18. Rab1 f4 19. f3 g5 20. Nd5 b6 21. Nxe7+ Rxe7 22. Nb3 Qxa4 23. Ra1 Qe8 24. Nc1 h5 25. Kf2 g4 26. Ke1 Bf6 27. Na2 Bh4+ 28. Kd1 gxf3 29. gxf3 Qa4+ 30. Kc1 Rg7 31. Be1 Bxe1 32. Qxe1 b5 33. Kb1 bxc4 34. Nc3 Qb3 35. Ra3 Qb7 36. dxc4 Bxc4 37. Rg1 Rf6 38. Ra4 Be6 39. Ra5 Rfg6 40. Rxg6 Rxg6 41. Rb5 Qg7 42. Nd1 Rg1 43. Qd2 Qc7 44. Kc2 a6 45. Ra5 Qb6 46. Ra3 c4 47. h4 Kf7 48. Qh2 Ke7 49. Qd2 Bd7 50. Kc1 Bb5 0-1

[Event "AUT-ch U16"]
[Site "St Veit"]
[Date "2023.04.03"]
[Round "3"]
[White "Gloessl, Sota Alexander"]
[Black "Leitgeb, Julian"]
[Result "0-1"]
[WhiteElo "2058"]
[BlackElo "2133"]
[PlyCount "70"]
[EventDate "2023.04.02"]
[EventType "swiss"]
[EventRounds "7"]
[EventCountry "AUT"]
[SourceTitle "EXT 2024"]
[Source "ChessBase"]
[SourceDate "2023.10.10"]
[SourceVersion "1"]
[SourceVersionDate "2023.10.10"]
[SourceQuality "1"]

1. Nf3 Nf6 2. g3 c5 3. Bg2 Nc6 4. d4 cxd4 5. Nxd4 e5 6. Nxc6 dxc6 7. Qxd8+ Kxd8 8. Nc3 Kc7 9. a3 Bf5 10. e4 Be6 11. h4 Bc5 12. Na4 Be7 13. Be3 b6 14. f3 Nd7 15. Bh3 Bxh3 16. Rxh3 b5 17. Nc3 Nb6 18. Nd1 Nc4 19. Bg1 a6 20. Rh2 Rhd8 21. a4 bxa4 22. Ra2 Rdb8 23. Be3 a3 24. b3 Nxe3 25. Nxe3 a5 26. Nc4 a4 27. Re2 axb3 28. cxb3 Rxb3 29. Kf2 Bc5+ 30. Kg2 Bd4 31. Rec2 c5 32. g4 Ra6 33. g5 Kc6 34. Kg3 Kb5 35. Kg4 Kb4 0-1

[Event "Fuerstenfeld U18 op 5th"]
[Site "Fuerstenfeld"]
[Date "2022.07.24"]
[Round "6"]
[White "Colev, Ivor"]
[Black "Gloessl, Sota Alexander"]
[Result "0-1"]
[WhiteElo "2031"]
[BlackElo "1986"]
[PlyCount "130"]
[EventDate "2022.07.21"]
[EventType "swiss"]
[EventRounds "7"]
[EventCountry "AUT"]
[SourceTitle "CBM 209 Extra"]
[Source "ChessBase"]
[SourceDate "2022.09.30"]
[SourceVersion "1"]
[SourceVersionDate "2022.09.30"]
[SourceQuality "1"]

1. e4 Nf6 2. e5 Nd5 3. d4 d6 4. Nf3 g6 5. c4 Nb6 6. Nc3 Bg7 7. exd6 cxd6 8. Be3 0-0 9. Qd2 Nc6 10. Bh6 Bg4 11. h4 Bxh6 12. Qxh6 Bxf3 13. gxf3 Nxd4 14. 0-0-0 Nf5 15. Qf4 e5 16. Qe4 Nd7 17. Bh3 Nc5 18. Qd5 Qxh4 19. Kb1 Qf6 20. Qd2 Nd4 21. Bg4 Qg7 22. Rdg1 f5 23. Bh5 Nce6 24. Nd5 Rf7 25. Rg2 Rc8 26. Rhg1 Nf8 27. f4 Rxc4 28. Ne3 Rc5 29. fxe5 dxe5 30. Qb4 Rfc7 31. b3 b5 32. Qd2 Kh8 33. Be2 f4 34. Bd3 fxe3 35. Qxe3 e4 36. Qxe4 Nc2 37. Bxc2 Rxc2 38. Qxc2 Rxc2 39. Kxc2 Qc7+ 40. Kb1 Ne6 41. Rc1 Qe5 42. Rgg1 Qf5+ 43. Ka1 Qxf2 44. Rgf1 Qd4+ 45. Kb1 Qd3+ 46. Ka1 h5 47. Rh1 Kg7 48. Rhd1 Qe3 49. Re1 Qd4+ 50. Kb1 Nf4 51. Red1 Qe4+ 52. Ka1 Nd3 53. Rc3 Nb4 54. a3 Nd5 55. Rcd3 Nf6 56. Rd4 Qe3 57. R4d3 Qc5 58. b4 Qc4 59. Rd4 Qc3+ 60. Ka2 g5 61. R4d3 Qc2+ 62. Ka1 g4 63. R3d2 Qc3+ 64. Ka2 h4 65. Rd4 h3 0-1

[Event "Fuerstenfeld U18 op 5th"]
[Site "Fuerstenfeld"]
[Date "2022.07.22"]
[Round "3"]
[White "Gloessl, Sota Alexander"]
[Black "Broneder, Kurt1111"]
[Result "1-0"]
[WhiteElo "1986"]
[BlackElo "1609"]
[PlyCount "61"]
[EventDate "2022.07.21"]
[EventType "swiss"]
[EventRounds "7"]
[EventCountry "AUT"]
[SourceTitle "CBM 209 Extra"]
[Source "ChessBase"]
[SourceDate "2022.09.30"]
[SourceVersion "1"]
[SourceVersionDate "2022.09.30"]
[SourceQuality "1"]

1. Nf3 Nf6 2. g3 g6 3. Bg2 Bg7 4. d3 d5 5. 0-0 0-0 6. Nbd2 c5 7. e4 Bg4 8. h3 Bxf3 9. Qxf3 Nc6 10. exd5 Nd4 11. Qd1 Nxd5 12. c3 Nc6 13. Qb3 Nb6 14. Ne4 c4 15. dxc4 Na5 16. Qb4 Naxc4 17. Bg5 f6 18. Rad1 Qc7 19. Bc1 f5 20. Ng5 Rf6 21. b3 a5 22. Qb5 Nd6 23. Qe2 e6 24. Bf4 e5 25. Bxe5 Re8 26. Bxd6 Rxe2 27. Bxc7 Rxa2 28. Rd8+ Bf8 29. Rxf8+ Rxf8 30. Bxb6 h6 31. Bd5+ 1-0

[Event "AUT-ch U14"]
[Site "St Veit"]
[Date "2021.10.29"]
[Round "7.7"]
[White "Gloessl, Sota Alexander"]
[Black "Rabitsch, David"]
[Result "1-0"]
[WhiteElo "1862"]
[BlackElo "1500"]
[PlyCount "151"]
[EventDate "2021.10.25"]
[EventType "swiss"]
[EventRounds "7"]
[EventCountry "AUT"]
[SourceTitle "EXT 2023"]
[Source "ChessBase"]
[SourceDate "2022.10.05"]
[SourceVersion "1"]
[SourceVersionDate "2022.10.05"]
[SourceQuality "1"]

1. d4 d5 2. Nc3 Nf6 3. Bf4 c5 4. e3 e6 5. Nf3 Bd6 6. Ne5 0-0 7. g4 Nc6 8. Bg3 Qb6 9. dxc5 Bxc5 10. Na4 Qa5+ 11. c3 Nxe5 12. Bxe5 Be7 13. b4 Qd8 14. Bd3 Bd7 15. Nb2 a6 16. a4 Rc8 17. f4 Qb6 18. Bd4 Qc6 19. h4 Ne4 20. Bxe4 dxe4 21. g5 Qd5 22. Be5 Rfd8 23. Qd4 Qxd4 24. Bxd4 f5 25. Rh2 b5 26. axb5 axb5 27. Nd1 Ra8 28. Rha2 Bc6 29. Ra7 Rxa7 30. Rxa7 Rd7 31. Ra6 Bd5 32. Rb6 Rb7 33. Ra6 Rd7 34. Nf2 Kf7 35. h5 Kf8 36. Nh3 Kg8 37. Ng1 Kf7 38. Ne2 g6 39. hxg6+ hxg6 40. Be5 Bc4 41. Nd4 Rb7 42. Kd2 Bd8 43. Ra8 Rd7 44. Kc2 Bd3+ 45. Kb2 Bc4 46. Ra1 Kg8 47. Ra8 Kf7 48. Kc1 Bd3 49. Kd2 Bc4 50. Ke1 Bd3 51. Kf2 Bc4 52. Kg3 Bd3 53. Rb8 Bc4 54. Nxb5 Bxb5 55. Rxb5 Rd3 56. Rb7+ Kf8 57. Kf2 Rd2+ 58. Ke1 Rd3 59. Ke2 Be7 60. Ra7 Rd8 61. Ra1 Bd6 62. Rd1 Be7 63. Rxd8+ Bxd8 64. c4 Ke8 65. Kd2 Kd7 66. Kc3 Kc6 67. b5+ Kc5 68. Bd4+ Kd6 69. Kb4 Kc7 70. c5 Kb7 71. c6+ Kc7 72. Bf6 Kc8 73. Bxd8 Kxd8 74. b6 Kc8 75. Kc4 Kd8 76. Kd4 1-0

[Event "AUT-ch U14"]
[Site "St Veit"]
[Date "2021.10.28"]
[Round "6.2"]
[White "Borrmann, Laurenz"]
[Black "Gloessl, Sota Alexander"]
[Result "1-0"]
[WhiteElo "2136"]
[BlackElo "1862"]
[PlyCount "51"]
[EventDate "2021.10.25"]
[EventType "swiss"]
[EventRounds "7"]
[EventCountry "AUT"]
[SourceTitle "EXT 2023"]
[Source "ChessBase"]
[SourceDate "2022.10.05"]
[SourceVersion "1"]
[SourceVersionDate "2022.10.05"]
[SourceQuality "1"]

1. e4 e5 2. Nf3 Nc6 3. Bc4 Nf6 4. d3 Bc5 5. a4 a5 6. 0-0 d6 7. c3 Bg4 8. Nbd2 h6 9. Re1 Qd7 10. Nf1 g5 11. Bb5 Bxf3 12. Qxf3 Ng4 13. Re2 0-0-0 14. h3 Nxf2 15. Be3 g4 16. Qxf2 gxh3 17. d4 hxg2 18. Nh2 f5 19. d5 fxe4 20. dxc6 Qh3 21. cxb7+ Kb8 22. Bxc5 dxc5 23. Qe3 Qh5 24. Qxe4 Rhg8 25. Rae1 Rdf8 26. Rxg2 1-0

[Event "AUT-ch U14"]
[Site "St Veit"]
[Date "2021.10.27"]
[Round "4.4"]
[White "Gloessl, Sota Alexander"]
[Black "Gruenwald, Simon"]
[Result "1-0"]
[WhiteElo "1862"]
[BlackElo "1504"]
[PlyCount "59"]
[EventDate "2021.10.25"]
[EventType "swiss"]
[EventRounds "7"]
[EventCountry "AUT"]
[SourceTitle "EXT 2023"]
[Source "ChessBase"]
[SourceDate "2022.10.05"]
[SourceVersion "1"]
[SourceVersionDate "2022.10.05"]
[SourceQuality "1"]

1. d4 d5 2. Nc3 Nf6 3. Bf4 e6 4. e3 Bb4 5. Bd3 c5 6. dxc5 Bxc3+ 7. bxc3 Qa5 8. Bd6 Qxc3+ 9. Kf1 Nbd7 10. Bb5 a6 11. Bxd7+ Bxd7 12. Qd4 Bb5+ 13. Ne2 Bxe2+ 14. Kxe2 Qxc2+ 15. Kf3 Qe4+ 16. Ke2 Qxd4 17. exd4 Ne4 18. Bf4 g5 19. Be3 f6 20. Rhc1 g4 21. Rab1 Ra7 22. Rb6 Kd7 23. f3 gxf3+ 24. gxf3 Ng5 25. Rcb1 Rc8 26. Bf4 e5 27. dxe5 Rxc5 28. Be3 Rc2+ 29. Kd3 Rxh2 30. Rxf6 1-0

[Event "AUT-ch U14 Online Rapid"]
[Site "Playchess.com INT"]
[Date "2020.12.13"]
[Round "7"]
[White "Gloessl, Sota Alexander"]
[Black "Kuti, Oliver"]
[Result "0-1"]
[WhiteElo "1687"]
[BlackElo "1710"]
[PlyCount "90"]
[EventDate "2020.12.13"]
[EventType "swiss (rapid)"]
[EventRounds "7"]
[EventCountry "AUT"]
[SourceTitle "EXT 2022"]
[Source "ChessBase"]
[SourceDate "2021.10.06"]
[SourceVersion "1"]
[SourceVersionDate "2021.10.06"]
[SourceQuality "1"]

1. e4 c5 2. c4 Nc6 3. g3 g6 4. Bg2 Bg7 5. Nc3 d6 6. Nge2 Nf6 7. d3 0-0 8. 0-0 a6 9. h3 Nd7 10. Be3 Nd4 11. Rb1 Rb8 12. b4 Nxe2+ 13. Nxe2 cxb4 14. Rxb4 b5 15. Qb1 Qa5 16. a4 Nc5 17. axb5 Nxd3 18. Rb3 Ne5 19. bxa6 Rxb3 20. Qxb3 Bxa6 21. Rc1 Rc8 22. Qb6 Qxb6 23. Bxb6 Nxc4 24. Bd4 Ne5 25. Rxc8+ Bxc8 26. f4 Nd3 27. Bxg7 Kxg7 28. h4 Bb7 29. Nc3 Nc5 30. Kf2 f5 31. exf5 Bxg2 32. Kxg2 gxf5 33. Kf3 e6 34. g4 fxg4+ 35. Kxg4 d5 36. f5 d4 37. Nd1 e5 38. Kg5 h6+ 39. Kh5 Ne4 40. Kg4 Kf6 41. Nb2 Nd6 42. Kh5 Nxf5 43. Nd1 d3 44. Ne3 Nxe3 45. Kxh6 d2 0-1

[Event "AUT-ch U14 Online Rapid"]
[Site "Playchess.com INT"]
[Date "2020.12.13"]
[Round "2"]
[White "Lerch, Johannes"]
[Black "Gloessl, Sota Alexander"]
[Result "1-0"]
[WhiteElo "1784"]
[BlackElo "1687"]
[PlyCount "121"]
[EventDate "2020.12.13"]
[EventType "swiss (rapid)"]
[EventRounds "7"]
[EventCountry "AUT"]
[SourceTitle "EXT 2022"]
[Source "ChessBase"]
[SourceDate "2021.10.06"]
[SourceVersion "1"]
[SourceVersionDate "2021.10.06"]
[SourceQuality "1"]

1. e4 Nf6 2. e5 Nd5 3. d4 d6 4. c4 Nb6 5. exd6 cxd6 6. Nc3 g6 7. Be3 Bg7 8. Rc1 0-0 9. b3 Nc6 10. Be2 e5 11. dxe5 dxe5 12. Qxd8 Rxd8 13. c5 Nd5 14. Nxd5 Rxd5 15. Bc4 Rd8 16. Nf3 Nd4 17. Ng5 Be6 18. Nxe6 Nxe6 19. Bxe6 fxe6 20. Ke2 Kf7 21. b4 Rd5 22. Rc2 Rad8 23. Rhc1 e4 24. c6 bxc6 25. Rxc6 Bd4 26. Rc7+ R8d7 27. Rxd7+ Rxd7 28. Bxd4 Rxd4 29. Rc7+ Kf6 30. Rxh7 Rxb4 31. Rxa7 Ke5 32. Ke3 Rb5 33. h4 Rc5 34. Ra3 Kf5 35. g3 Rb5 36. Ra4 Rb1 37. Ra5+ Kf6 38. Kxe4 Rb4+ 39. Kf3 Rb2 40. Ra8 Rc2 41. a4 Ra2 42. a5 Ra3+ 43. Kg4 Ra4+ 44. Kf3 Ra3+ 45. Kg2 Ra2 46. a6 Kg7 47. Kf3 Ra3+ 48. Ke4 Ra2 49. Ke5 Rxf2 50. Kxe6 Re2+ 51. Kd7 Ra2 52. Kc7 Ra3 53. Kb7 Rxg3 54. Rc8 Rb3+ 55. Ka8 Kh6 56. Rc4 g5 57. hxg5+ Kxg5 58. Rc7 Kf6 59. Rb7 Ra3 60. Rb6+ Ke7 61. Kb7 1-0

[Event "AUT-ch U14 Online Blitz"]
[Site "Playchess.com INT"]
[Date "2020.12.11"]
[Round "2"]
[White "Gloessl, Sota Alexander"]
[Black "Borrmann, Laurenz"]
[Result "0-1"]
[WhiteElo "1796"]
[BlackElo "1900"]
[PlyCount "90"]
[EventDate "2020.12.11"]
[EventType "swiss (blitz)"]
[EventRounds "7"]
[EventCountry "AUT"]
[SourceTitle "EXT 2022"]
[Source "ChessBase"]
[SourceDate "2021.10.06"]
[SourceVersion "1"]
[SourceVersionDate "2021.10.06"]
[SourceQuality "1"]

1. e4 e6 2. d4 d5 3. Nc3 Nf6 4. e5 Nfd7 5. f4 c5 6. Nf3 Nc6 7. Be3 a6 8. h4 h5 9. a4 g6 10. Be2 c4 11. Ng5 Bb4 12. 0-0 Rb8 13. Na2 Be7 14. c3 Na5 15. Nc1 Kf8 16. b4 cxb3 17. Nxb3 Nc4 18. Bxc4 dxc4 19. Nd2 b5 20. Qc2 Kg7 21. Rfb1 Qc7 22. axb5 axb5 23. Ra2 Qc6 24. Rab2 Bb7 25. Ndf3 Ba8 26. Qd2 b4 27. cxb4 c3 28. b5 Qc7 29. Qc2 Rhc8 30. Rb3 Nb6 31. Rc1 Nd5 32. Bf2 Qa5 33. Be1 Rxb5 34. Rxb5 Qxb5 35. Qd3 Qxd3 36. Bxc3 Rxc3 37. Rf1 Rc2 38. Kh2 Ne3 39. Rg1 Bxg5 40. hxg5 Bxf3 41. Kg3 Rxg2+ 42. Rxg2 Nf5+ 43. Kh2 Bxg2 44. d5 Qg3+ 45. Kg1 Bh3+ 0-1

[Event "AUT-ch U14 Online Blitz"]
[Site "Playchess.com INT"]
[Date "2020.12.11"]
[Round "4"]
[White "Gloessl, Sota Alexander"]
[Black "Kienboeck, Benjamin"]
[Result "0-1"]
[WhiteElo "1796"]
[BlackElo "1750"]
[PlyCount "84"]
[EventDate "2020.12.11"]
[EventType "swiss (blitz)"]
[EventRounds "7"]
[EventCountry "AUT"]
[SourceTitle "EXT 2022"]
[Source "ChessBase"]
[SourceDate "2021.10.06"]
[SourceVersion "1"]
[SourceVersionDate "2021.10.06"]
[SourceQuality "1"]

1. e4 c6 2. d4 d5 3. exd5 cxd5 4. Bd3 Nf6 5. h3 g6 6. Nf3 Bg7 7. 0-0 0-0 8. Bf4 Nc6 9. c3 Qb6 10. Qb3 Bf5 11. Bxf5 gxf5 12. Qxb6 axb6 13. Na3 Rfc8 14. Nb5 Ra5 15. Na3 b5 16. Nc2 Rca8 17. a3 Rc8 18. Rae1 e6 19. Ne5 Ne4 20. f3 Nxe5 21. Bxe5 Bxe5 22. dxe5 Nd2 23. Rf2 Nc4 24. Nb4 Rc7 25. g4 fxg4 26. hxg4 Ra8 27. Kg2 Kg7 28. Kg3 h6 29. Rh2 Kg6 30. Reh1 Rh8 31. f4 Rd7 32. Nc2 Nxb2 33. Nd4 Nc4 34. Nxb5 Rdd8 35. Kf3 Ra8 36. Rb1 Nxa3 37. Nxa3 Rxa3 38. Rc2 Rb8 39. Ke3 b5 40. Kd4 Ra4+ 41. Kc5 Rxf4 42. Rxb5 Rc4+ 0-1

[Event "AUT-ch U14 Online Blitz"]
[Site "Playchess.com INT"]
[Date "2020.12.11"]
[Round "5"]
[White "Schwarz, Rene"]
[Black "Gloessl, Sota Alexander"]
[Result "0-1"]
[WhiteElo "1496"]
[BlackElo "1796"]
[PlyCount "86"]
[EventDate "2020.12.11"]
[EventType "swiss (blitz)"]
[EventRounds "7"]
[EventCountry "AUT"]
[SourceTitle "EXT 2022"]
[Source "ChessBase"]
[SourceDate "2021.10.06"]
[SourceVersion "1"]
[SourceVersionDate "2021.10.06"]
[SourceQuality "1"]

1. d4 Nf6 2. e3 g6 3. Nf3 Bg7 4. g3 0-0 5. Bg2 c5 6. 0-0 Qc7 7. b3 Nc6 8. Bb2 Rb8 9. Na3 cxd4 10. Nxd4 Nxd4 11. Bxd4 b5 12. c4 a6 13. Rc1 Qa5 14. Bb2 b4 15. Nc2 Qxa2 16. Rb1 Qa5 17. Ra1 Qb6 18. Bd4 Qc7 19. Qd2 a5 20. Ra2 Bb7 21. Rfa1 Bxg2 22. Kxg2 Ra8 23. Nxb4 axb4 24. Rxa8 Qb7+ 25. Kg1 Rxa8 26. Rxa8+ Qxa8 27. Bxf6 Bxf6 28. Qxd7 Qa2 29. Qd1 Kg7 30. Qe1 Bc3 31. Qd1 h5 32. Kf1 Qa8 33. Kg1 Qe4 34. Qe2 Qb1+ 35. Kg2 Qxb3 36. Qf3 Qxc4 37. h4 e6 38. Qb7 Qd5+ 39. Qxd5 exd5 40. Kf3 b3 41. Kf4 b2 42. Kg5 Be5 43. g4 f6# 0-1